Datum a čas kvízu
18
Celkem bodů
Celkový počet nahraných bodů na tomto kvízu bez doplňovacích otázek.
6.
Pořadí na kvízu
Konečné umístění týmu na tomto kvízu.
Zaznamenané odpovědi
| # | Otázka | Odpověď | Body | Výsledky |
|---|---|---|---|---|
| 1. | Minulý týden rozbouřil vody če... | Vondráček s kolegou vyskočili na předsednický pult a hráli na kytary. | 1 | |
| 2. | Předsedkyně ruského parlamentn... | Čajkovskij | 0 | |
| 3. | Tři interpreti dostali v úter... | Lucie, Barbora Poláková | 0 | |
| 4. | Švédská automobilka Volvo omez... | 180 km/h | 0 | |
| 5. | Klub NBA Washington Wizards ot... | Tomáš Satoranský | 1 | |
| 6. | V prvních čtyřech otázkách tém... | Alois Jirásek, Staré pověsti české | 0 | |
| 7. | „Vstávej!“ ...Meduna krásně př... | Karel Poláček, Muži v offsidu | 0 | |
| 8. | Zde prosíme celé jméno autora... | Josef Čapek, Povídání o pejskovi a kočičce | 1 | |
| 9. | „Drva hlaďúnký, bílúnký, a tak... | Rudolf Těsnohlídek, Liška Bystrouška | 0 | |
| 10. | "V jednom kupé druhé třídy ryc... | B | 1 |